| 000 | 00974nam a22003137a 4500 | ||
|---|---|---|---|
| 003 | CHAP | ||
| 005 | 20220329134151.0 | ||
| 008 | 971013s1977 r 00010 d | ||
| 010 | _a16448 | ||
| 011 | _a17420 | ||
| 035 | _a21503 | ||
| 040 | _cCHAP | ||
| 082 |
_a630.71 _bH6 |
||
| 100 | 0 | 0 |
_aHoover, Norman K. _956181 |
| 245 | _aHandbook of agricultural ocupations | ||
| 250 | _a3 ed. | ||
| 260 |
_aDanvelle, Ill. : _bInterestate, _c1977 |
||
| 300 |
_a367 p. _b: ilus. |
||
| 590 |
_aBATCH-UPD _b10 _c20130110 _lUCH01 _h1305 |
||
| 590 |
_aBATCH-UPD _b10 _c20130410 _lUCH01 _h0821 |
||
| 590 |
_aBATCH-UPD _b10 _c20130914 _lUCH01 _h1240 |
||
| 590 |
_aCONVERSION _b10 _c20130109 _lUCH01 _h1310 |
||
| 650 | 1 | 4 |
_aEducación agrícola. _935491 |
| 650 | 1 | 4 |
_aOrientación vocacional. _983575 |
| 901 | _aBK | ||
| 942 | _cLIBRO | ||
| 949 |
_a630.71 H6 _bBC _cLIBRO _d33724000033411 _eLIBRO _h52098 _i21503 _si |
||
| 949 |
_a630.71 H6 _bBC _cLIBRO _d33724000033445 _eLIBRO _fc.2 _h52099 _i21503 _si |
||
| 999 |
_c16448 _d16448 |
||